LEADER 03449nam 22009854a 450 001 9910960197903321 005 20250110213621.0 010 $a9786610177714 010 $a9786610482467 010 $a9781135743697 010 $a113574369X 010 $a9780429191107 010 $a0429191103 010 $a9780203909812 010 $a020390981X 010 $a9780585139340 010 $a0585139342 010 $a9780203508688 010 $a0203508688 010 $a9781280177712 010 $a1280177713 010 $a9781280482465 010 $a128048246X 010 $a9781420021455 010 $a1420021451 024 7 $a10.1201/9780203508688 035 $a(CKB)2610000000006743 035 $a(EBL)198554 035 $a(OCoLC)191035341 035 $a(SSID)ssj0000220578 035 $a(PQKBManifestationID)11185180 035 $a(PQKBTitleCode)TC0000220578 035 $a(PQKBWorkID)10144364 035 $a(PQKB)10748972 035 $a(SSID)ssj0000220580 035 $a(PQKBManifestationID)11219066 035 $a(PQKBTitleCode)TC0000220580 035 $a(PQKBWorkID)10157489 035 $a(PQKB)11447813 035 $a(MiAaPQ)EBC216090 035 $a(MiAaPQ)EBC1407297 035 $a(MiAaPQ)EBC198554 035 $a(Au-PeEL)EBL216090 035 $a(CaPaEBR)ebr10051449 035 $a(CaONFJC)MIL17771 035 $a(OCoLC)44960741 035 $a(OCoLC)1000438588 035 $a(Au-PeEL)EBL198554 035 $a(OCoLC)437057598 035 $a(EXLCZ)992610000000006743 100 $a20050822d2006 uy 0 101 0 $aeng 135 $aur|n|---||||| 181 $ctxt 182 $cc 183 $acr 200 10$aPharmaceutical experimental design and interpretation /$fN. Anthony Armstrong 205 $a2nd ed. 210 $aBoca Raton, FL $cCRC/Taylor & Francis$d2006 215 $a1 online resource (251 p.) 225 1 $aDrugs and the pharmaceutical sciences ;$v92 300 $aDescription based upon print version of record. 311 08$a9780415299015 311 08$a0415299012 311 08$a9780824798604 311 08$a0824798600 311 08$a9780824746889 311 08$a0824746880 320 $aIncludes bibliographical references and index. 327 $aIntroduction to experimental design -- Comparison of mean values -- Nonparametric methods -- Regression and correlation -- Multivariate methods -- Factorial design of experiments -- Response-surface methodology -- Model-dependent optimization -- Sequential methods and model-independent optimization -- Experimental designs for mixtures -- Artificial neural networks and experimental design. 330 $aPharmaceutical Experimental Design and Interpretation, which is targeted solely at pharmaceutical studies, takes a practice-orientated approach using real case studies to illustrate important concepts. It delivers a clear understanding of 410 0$aDrugs and the pharmaceutical sciences ;$vv. 92. 606 $aDrugs$xResearch$xMethodology 606 $aExperimental design 615 0$aDrugs$xResearch$xMethodology. 615 0$aExperimental design. 676 $a615/.19/072 700 $aArmstrong$b N. A$g(N. Anthony)$01793453 801 0$bMiAaPQ 801 1$bMiAaPQ 801 2$bMiAaPQ 906 $aBOOK 912 $a9910960197903321 996 $aPharmaceutical experimental design and interpretation$94333268 997 $aUNINA